000
00286nam a22001217a 4500
008
180928b xxu||||| |||| 00| 0 eng d
041
_a
eng
080
_2
3 ED
_a
941
100
_a
16
101
_a
HIS
245
_a
American Heritage College Dictionary
_c
MIFFLIN,N
942
_2
udc
_c
BK
999
_c
48703
_d
48703